1989, el año que cambió el mundo. Los orígenes del orden internacional después de la Guerra Fría.
محفوظ في:
| المؤلف الرئيسي: | |
|---|---|
| التنسيق: | غير معروف |
| منشور في: |
Madrid, España:
Akal,
2012.
|
| سلاسل: | Akal Universitaria. Serie Historia Contemporanéa
|
| الموضوعات: | |
| الوسوم: |
إضافة وسم
لا توجد وسوم, كن أول من يضع وسما على هذه التسجيلة!
|
MARC
| LEADER | 00000 a2200000 4500 | ||
|---|---|---|---|
| 003 | CL-VaPUC | ||
| 005 | 20230526074339.0 | ||
| 008 | 221019t2012 ||||| |||| 00| 0 eng d | ||
| 999 | |c 438761 |d 438759 | ||
| 020 | |a 978-84-460-3271-7 | ||
| 040 | |c Pontificia Universidad Católica de Valparaíso | ||
| 082 | |2 22 |a 909.828 MAR 2012 | ||
| 100 | |a Martín de la Guardia, Ricardo Martín |9 876724 |e autor | ||
| 245 | |a 1989, el año que cambió el mundo. |b Los orígenes del orden internacional después de la Guerra Fría. | ||
| 260 | |a Madrid, España: |b Akal, |c 2012. | ||
| 300 | |a 318 páginas. | ||
| 490 | |a Akal Universitaria. |a Serie Historia Contemporanéa |n 339. | ||
| 583 | |k GC |c 20221019 | ||
| 650 | 0 | |a Segunda Guerra Mundial |x Postguerra |x Contexto internacional |9 325982 | |
| 650 | 0 | |9 255739 |a Política mundial |x Guerra fría |y 1945- | |
| 651 | 0 | |9 327780 |a Berlin, Alemania |x Caída del muro |x Contexto internacional |y 9 noviembre 1989 | |
| 942 | |2 ddc |c BK | ||
| 952 | |0 0 |1 0 |2 ddc |4 0 |6 909_828000000000000_MAR_2012 |7 0 |8 A |9 587265 |a BIBHIS |b BIBHIS |c GEN |d 2022-10-13 |e 3 |g 26205.00 |i 5655198 |l 2 |o 909.828 MAR 2012 |p 5655198 |r 2025-01-20 |s 2023-05-02 |t 1 |v 26205.00 |w 2022-10-13 |y BK |k HIS | ||